Largest Island A-Z - Statistics

General Stats
  • This quiz has been taken 130 times
  • The average score is 11 of 26
Answer Stats
Hint Answer Area sq km Area sq mi % Correct
G Greenland 2,130,800 823,000
96%
M Madagascar 588,000 227,000
90%
B Borneo 748,000 289,000
81%
H Honshu 226,000 87,000
79%
J Java 138,000 54,000
79%
S Sumatra 443,000 171,000
76%
C Cuba 106,000 41,000
75%
I Iceland 102,000 39,000
75%
N New Guinea 786,000 303,000
66%
L Luzon 110,000 42,000
62%
T Tasmania 65,000 25,000
49%
E Ellesmere 196,000 76,000
46%
K Kyushu 37,000 14,000
44%
V Victoria 217,000 84,000
43%
Z Zealand 7,000 3,000
30%
D Devon 55,000 21,000
17%
F Flores 14,000 5,000
15%
A Alexander 49,000 19,000
10%
W Wrangel 8,000 3,000
7%
O October Revolution 14,000 5,000
6%
U Unimak 4,000 2,000
5%
Q Qeqertarsuaq 9,000 3,000
3%
R Roosevelt 8,000 3,000
3%
P Prince of Wales Island 33,000 13,000
2%
X Xiushan 26 10
2%
Y Yuznhy 33,000 13,000
0%
No matching quizzes found
Score Distribution
Percent of People with Each Score
Percentile by Number Answered
Your Score History
You have not taken this quiz